Мотивация персонала в период кризиса; Актуальные проблемы гуманитарных наук

Λεπτομέρειες βιβλιογραφικής εγγραφής
Parent link:Актуальные проблемы гуманитарных наук.— 2011.— [С. 168-170]
Κύριος συγγραφέας: Евстигнеева О. Ю.
Περίληψη:Заглавие с титульного листа
Γλώσσα:Ρωσικά
Έκδοση: 2011
Σειρά:Управление человеческими ресурсами
Θέματα:
Διαθέσιμο Online:http://www.lib.tpu.ru/fulltext/c/2011/C20/077.pdf
Μορφή: MixedMaterials Ηλεκτρονική πηγή Κεφάλαιο βιβλίου
KOHA link:https://koha.lib.tpu.ru/cgi-bin/koha/opac-detail.pl?biblionumber=236419

MARC

LEADER 00000naa2a2200000 4500
001 236419
005 20260415153349.0
035 |a (RuTPU)RU\TPU\book\257581 
035 |a RU\TPU\book\257574 
090 |a 236419 
100 |a 20130424d2011 k y0rusy50 ca 
101 0 |a rus 
102 |a RU 
135 |a drnn ---uucaa 
181 0 |a i  
182 0 |a b 
200 1 |a Мотивация персонала в период кризиса  |f О. Ю. Евстигнеева 
203 |a Текст  |c электронный 
215 |a 1 файл (230 Кб) 
225 1 |a Управление человеческими ресурсами 
300 |a Заглавие с титульного листа 
320 |a [Библиогр.: с. 170 (4 назв.)] 
337 |a Adobe Reader 
463 1 |0 (RuTPU)RU\TPU\book\256720  |t Актуальные проблемы гуманитарных наук  |o сборник научных трудов студентов, аспирантов и молодых ученых 21-22 апреля 2011 г., Томск  |f Национальный исследовательский Томский политехнический университет (ТПУ)   |v [С. 168-170]  |d 2011 
610 1 |a труды учёных ТПУ 
610 1 |a электронный ресурс 
610 1 |a мотивация 
610 1 |a персонал 
610 1 |a кризис 
700 1 |a Евстигнеева  |b О. Ю. 
801 2 |a RU  |b 63413507  |c 20130424  |g RCR 
856 4 |u http://www.lib.tpu.ru/fulltext/c/2011/C20/077.pdf 
942 |c CF